000 00719 a2200205 4500
010 _aENG-90211
020 _a8172149918
_c275.00
035 _aEN-73744
037 _bDBAD / PUB
082 1 4 _a378.103
090 _c12829
_d12829
245 1 _aInter-faith relations and higher education/
_cedited by M. Valliammal Baskaran
250 _a.
260 _aDelhi
_bISPCK
_c2007
270 _aPost Box 1585, 1654 Madarsa Road, Kashmere Gate
_bDelhi
_e110 006
_cDelhi :
_k23866323
_mashish@ispck.org.in
300 _axx, 290p.
_c24 cm (Pbk.)
700 _aBaskaran, M. Villiammal
942 _adpl
_cEN
_k378.103 / INT
999 _c12466
_d12466